Law in the Scientific era : The theory of dynamic positivism.

Salvato in:
Dettagli Bibliografici
Autore principale: Katju, Markandey
Natura: Libro
Pubblicazione: Delhi : Universal Law, c200
Soggetti:
Tags: Aggiungi Tag
Nessun Tag, puoi essere il primo ad aggiungerne!!

MARC

LEADER 00000nam a2200000 4500
005 20251009090417.0
020 |a 8175341696  |c TZS 11,134/= 
040 |a MCCL  |b eng.  |e AACR 2nd rev. ed. 
082 |a 340.112 KAT 
100 |a Katju, Markandey 
245 |a Law in the Scientific era :  |c / Lon L Fuller  |b The theory of dynamic positivism. 
260 |a Delhi :  |b Universal Law,  |c c200 
300 |a xxiii, 431 p. :  |c 25 cm 
546 |a eng 
650 |a Jurisprudence 
650 |a Classic positivism  
650 |a Dynamic positivism 
700 |a Katju, Markandey 
942 |c BK 
999 |c 12350  |d 12350